Modelování a optimalizace v manažerském rozhodování /

Hlavní autor: Plevný, Miroslav, 1965-
Korporativní autor: Západočeská univerzita. Ekonomická fakulta
Další autoři: Žižka, Miroslav, 1972-
Jazyk: Čeština
Vydáno: Plzeň : Západočeská univerzita v Plzni, 2010
Vydání: Vyd. 2.
Témata:
Externí odkaz: Digitalizovaný dokument
Fyzický popis: 296 s. : il. ; 25 cm
Knihy
Uloženo v:
LEADER 02351nam a2200541 a 4500
001 nkc20102147936
003 CZ PrNK
005 20230215091401.0
007 ta
008 101222s2010 xr a e p 000 0 cze
015 |a cnb002147936 
020 |a 978-80-7043-933-3  |q (brož.) 
035 |a (OCoLC)703549365 
040 |a ABA001  |b cze 
072 7 |a 519.1/.8  |x Kombinatorika. Teorie grafů. Matematická statistika. Operační výzkum. Matematické modelování  |2 Konspekt  |9 13 
072 7 |a 37.016  |x Učební osnovy. Vyučovací předměty. Učebnice  |2 Konspekt  |9 22 
080 |a 005.311.6  |2 MRF 
080 |a 519.673  |2 MRF 
080 |a 519.85  |2 MRF 
080 |a (075.8)  |2 MRF 
100 1 |a Plevný, Miroslav,  |d 1965-  |7 mzk2003213655  |4 aut 
245 1 0 |a Modelování a optimalizace v manažerském rozhodování /  |c Miroslav Plevný, Miroslav Žižka 
250 |a Vyd. 2. 
260 |a Plzeň :  |b Západočeská univerzita v Plzni,  |c 2010 
300 |a 296 s. :  |b il. ;  |c 25 cm 
500 |a Na obálce pod názvem: Fakulta ekonomická Západočeské univerzity v Plzni 
500 |a 600 výt. 
500 |a Dotisk 2. vyd. z roku 2013, 300 kusů 
504 |a Obsahuje bibliografie 
521 8 |a Určeno pro studenty FEK 
650 0 7 |a rozhodování  |7 ph125259  |2 czenas 
650 0 7 |a matematické modelování  |7 ph115240  |2 czenas 
650 0 7 |a matematická optimalizace  |7 ph122672  |2 czenas 
650 0 9 |a decision making  |2 eczenas 
650 0 9 |a mathematical modeling  |2 eczenas 
650 0 9 |a mathematical optimization  |2 eczenas 
655 7 |a učebnice vysokých škol  |7 fd133772  |2 czenas 
655 9 |a textbooks (higher)  |2 eczenas 
700 1 |a Žižka, Miroslav,  |d 1972-  |7 mzk2003171423  |4 aut 
710 2 |a Západočeská univerzita.  |b Ekonomická fakulta  |7 kn20010709434 
856 4 1 |u http://www.digitalniknihovna.cz/mzk/uuid/uuid:5dae73f0-25c1-11e8-a0cf-005056827e52  |y Digitalizovaný dokument  |x NDK 
910 2 |a BOA001  |b 2-1255.717 
990 |a BK 
995 |a 01 
991 |b 201101  |c NOV  |e n  |j 005 PLE 
996 7 |b 2610456834  |c 2-1255.717  |l Vol.výběr  |r VV 0p  |n 0  |p p.v.  |h 005 PLE  |w 001162011  |u 000010  |a 0  |e BOA001  |j MZK50  |s A 
996 6 |b 2610568163  |c 2-1255.717  |l MZK  |r Sklad / do 1 hodiny  |n 23  |p p.v.  |w 001162011  |u 000020  |a 1  |e BOA001  |j MZK50  |s P 
996 7 |b 2610930819  |c 2-1255.717  |l Vol.výběr  |r VV 0p  |n 3  |p kup  |h 005 PLE  |w 001162011  |u 000030  |a 0  |e BOA001  |j MZK50  |s A